| 000 | 00567naa a2200145 i 4500 | ||
|---|---|---|---|
| 001 | 9653 | ||
| 003 | KOSZ 005 | ||
| 005 | 20180405113336.0 | ||
| 008 | 180405s2009 pl | | |000 ||pol d | ||
| 040 |
_cKOSZ 005/HR _aKOSZ 005/HR |
||
| 100 |
_aKATZER, Jacek. _d1999 - 2012. _bPolitechnika Koszalińska - Wydział Budownictwa i Inżynierii Środowiska, _cKatedra Budownictwa i Materiałów Budowlanych |
||
| 245 |
_aWspółczesne fibrokompozyty cementowe / _cJacek Katzer. |
||
| 773 | 0 |
_iW : _tInżynier Budownictwa. - _g2009, nr 5, s.74-78. _x1732-3428 |
|
| 942 |
_cART _2UKD |
||
| 999 |
_c9653 _d9653 |
||